| 000 | 00523nam a2200193Ia 4500 | ||
|---|---|---|---|
| 003 | OSt | ||
| 005 | 20250115143115.0 | ||
| 008 | 210210b1983 xxu||||| |||| 00| 0 eng d | ||
| 040 | _cAL | ||
| 041 | _aKannada | ||
| 082 | _aK894.3 GATH | ||
| 100 |
_aGATTI (K T). _dಗಟ್ಟಿ (ಕೆ. ಟಿ) _9193526 |
||
| 245 |
_aHe kapurusha. _bಹೇ ಕಾಪುರುಷ |
||
| 260 |
_aBengaluru _bPrintars Prakashana _c1983 |
||
| 300 | _avi,315 | ||
| 690 |
_aKannada Fiction _9193527 |
||
| 906 | _aSG02874 | ||
| 942 |
_2ddc _cBK |
||
| 999 |
_c113685 _d113685 |
||